An evaluation of systems analysis tools , methodologies and modeling / (رقم التسجيلة. 75733)

تفاصيل مارك
000 -LEADER
fixed length control field 014400000a22003250004500
003 - CONTROL NUMBER IDENTIFIER
control field EG-GICUC
005 - DATE AND TIME OF LATEST TRANSACTION
control field 20250223032456.0
008 - FIXED-LENGTH DATA ELEMENTS--GENERAL INFORMATION
fixed length control field 070306s2007 ua h f m 000 0 eng d
040 ## - CATALOGING SOURCE
Original cataloging agency EG-GICUC
Language of cataloging eng
Transcribing agency EG-GICUC
041 0# - LANGUAGE CODE
Language code of text/sound track or separate title Eng
049 ## - LOCAL HOLDINGS (OCLC)
Holding library Deposite
097 ## - Thesis Degree
Thesis Level M.Sc
099 ## - LOCAL FREE-TEXT CALL NUMBER (OCLC)
Classification number Cai01.12.17.M.Sc.2007.An.E
100 0# - MAIN ENTRY--PERSONAL NAME
Personal name Anwar Hamad Sifeddin
245 13 - TITLE STATEMENT
Title An evaluation of systems analysis tools , methodologies and modeling /
Statement of responsibility, etc. Anwar Hamad Sifeddin ; Supervised Ahmed Badreldin Khalil , Hesham N.Elmahdy
246 15 - VARYING FORM OF TITLE
Title proper/short title تقييم نماذج وطرق و ادوات تحليل النظم
260 ## - PUBLICATION, DISTRIBUTION, ETC.
Place of publication, distribution, etc. Cairo :
Name of publisher, distributor, etc. Anwar Hamad Sifeddin ,
Date of publication, distribution, etc. 2007
300 ## - PHYSICAL DESCRIPTION
Extent 102P :
Other physical details ill ;
Dimensions 30cm
502 ## - DISSERTATION NOTE
Dissertation note Thesis (M.Sc.) - Cairo University - Faculty Of Science - Department Of Mathematics
520 ## - SUMMARY, ETC.
Summary, etc. In this thesis , we evaluate some systems analysis modeling , methodologies and tools We used the credit risks system in the Egyptian Central Bank as a case study It was taken as a system core Then we developed this system using the systems development life cycle (SDLC)
530 ## - ADDITIONAL PHYSICAL FORM AVAILABLE NOTE
Additional physical form available note Issued also as CD
653 #4 - INDEX TERM--UNCONTROLLED
Uncontrolled term methodologies and modeling
700 0# - ADDED ENTRY--PERSONAL NAME
Personal name Ahmed Badreldin Khalil ,
Relator term
700 0# - ADDED ENTRY--PERSONAL NAME
Personal name Ahmed Badreldin Khalil ,
Relator term
700 0# - ADDED ENTRY--PERSONAL NAME
Personal name Hesham Nabeeh Elmahdy ,
Relator term
856 ## - ELECTRONIC LOCATION AND ACCESS
Uniform Resource Identifier <a href="http://172.23.153.220/th.pdf">http://172.23.153.220/th.pdf</a>
905 ## - LOCAL DATA ELEMENT E, LDE (RLIN)
Cataloger Aml
Reviser cataloger
905 ## - LOCAL DATA ELEMENT E, LDE (RLIN)
Cataloger Esam
Reviser Revisor
942 ## - ADDED ENTRY ELEMENTS (KOHA)
Source of classification or shelving scheme Dewey Decimal Classification
Koha item type Thesis
المقتنيات
Source of classification or shelving scheme Not for loan Home library Current library Date acquired Full call number Barcode Date last seen Koha item type Copy number
Dewey Decimal Classification   المكتبة المركزبة الجديدة - جامعة القاهرة قاعة الرسائل الجامعية - الدور الاول 11.02.2024 Cai01.12.17.M.Sc.2007.An.E 01010110046787000 22.09.2023 Thesis  
Dewey Decimal Classification   المكتبة المركزبة الجديدة - جامعة القاهرة مخـــزن الرســائل الجـــامعية - البدروم 11.02.2024 Cai01.12.17.M.Sc.2007.An.E 01020110046787000 22.09.2023 CD - Rom 46787.CD
Cairo University Libraries Portal Implemented & Customized by: Eng. M. Mohamady Contacts: new-lib@cl.cu.edu.eg | cnul@cl.cu.edu.eg
CUCL logo CNUL logo
© All rights reserved — Cairo University Libraries
CUCL logo
Implemented & Customized by: Eng. M. Mohamady Contact: new-lib@cl.cu.edu.eg © All rights reserved — New Central Library
CNUL logo
Implemented & Customized by: Eng. M. Mohamady Contact: cnul@cl.cu.edu.eg © All rights reserved — Cairo National University Library